Scientific synthesis of the impacts of ocean acidification on marine biodiversity / (Registro nro. 18878)

Detalles MARC
000 -CABECERA
Campo de control 00914nam a2200229 a 4500
005 - FECHA Y HORA DE LA ULTIMA TRANSACCION
Campo de control 20191224042305.0
008 - ELEMENTOS DE LONGITUD FIJA—INFORMACION GENERAL
Campo de control 160719t2009 cn ad|||r|||| 00| 0 eng d
040 ## - FUENTE DE CATALOGACIÓN
Agencia catalogadora original CO-BoIAVH
Agencia transcriptora CO-BoIAVH
041 0# - IDIOMA
Código de idioma para texto/pista de sonido o título separado Inglés
044 ## - PAÍS DE PUBLICACIÓN
País de publicación Canadá
082 04 - NUMERO DE CLASIFICACION DECIMAL DEWEY
Número de clasificación 333.956137
Número del ítem S41s2
245 00 - MENCION DE TITULO
Título Scientific synthesis of the impacts of ocean acidification on marine biodiversity /
Mención de responsabilidad Secretariat of the Convention on Biological Diversity
260 ## - PUBLICACION, DISTRIBUCION, ETC. (PIE DE IMPRENTA)
Lugar de publicación, distribución, etc. Montreal, Canadá :
Nombre del editor, distribuidor, etc. Secretariat of the Convention on Biological Diversity,
Fecha de publicación, distribución, etc. c2009.
300 ## - DESCRIPCION FISICA
Extensión 61 páginas :
Otros detalles físicos ilustraciones, tablas y gráficas ;
Dimensiones 28 x 21 cm.
490 0# - MENCION DE SERIE
Mención de serie CBD Technical Series ;
Designación numérica/secuencial del volumen 46
650 26 - ASIENTO SECUNDARIO DE MATERIA - TERMINO TEMATICO
Término temático o nombre geográfico como elemento de entrada Biología marina
9 (RLIN) 33601
650 26 - ASIENTO SECUNDARIO DE MATERIA - TERMINO TEMATICO
Término temático o nombre geográfico como elemento de entrada Biodiversidad
9 (RLIN) 92204
650 26 - ASIENTO SECUNDARIO DE MATERIA - TERMINO TEMATICO
Término temático o nombre geográfico como elemento de entrada Zonas marinas
9 (RLIN) 1716
650 26 - ASIENTO SECUNDARIO DE MATERIA - TERMINO TEMATICO
Término temático o nombre geográfico como elemento de entrada Acidificación de los océanos
Subdivisión general impacto
9 (RLIN) 72967
710 2# - ASIENTO SECUNDARIO - NOMBRE CORPORATIVO
Nombre corporativo o de jurisdicción como elemento de entrada Secretariat of the Convention on Biological Diversity.
9 (RLIN) 72968
942 ## - ELEMENTOS ADICIONALES (KOHA)
Sistema de clasificación Dewey Decimal Classification
Tipo de ítem Libro
Existencias
Withdrawn status Lost status Sistema de Clasificación Damaged status No para préstamo Colección Inventariado Ubicación Permanente Ubicación actual Fecha de adquisición Fuente de Valor Valor Total Checkouts Número topográfico Inventario / Código de Barras Date last seen Ejemplar Price effective from Forma de adquisición Tipo de material
    Dewey Decimal Classification     General Inventariado 2017 Bogotá Bogotá 19/07/2016 Instituto 39000.00   LB-333.956137 S41s2 040546 19/07/2016 Ej. 1 19/07/2016 Donación Libro